Channels of spiritual power. (Record no. 12661)

000 -LEADER
fixed length control field 00555nam a2200181 a 4500
001 - CONTROL NUMBER
control field :::00010475$&:&@@
003 - CONTROL NUMBER IDENTIFIER
control field OkBaRHE
005 - DATE AND TIME OF LATEST TRANSACTION
control field 20000607103359.0
008 - FIXED-LENGTH DATA ELEMENTS--GENERAL INFORMATION
fixed length control field s1954 j 000 0 eng u
040 ## - CATALOGING SOURCE
Transcribing agency
100 1# - MAIN ENTRY--PERSONAL NAME
Personal name Laubach, Frank Charles, 1884-1970.
245 10 - TITLE STATEMENT
Title Channels of spiritual power.
260 ## - PUBLICATION, DISTRIBUTION, ETC. (IMPRINT)
Place of publication, distribution, etc Westwood, NJ., :
Name of publisher, distributor, etc Fleming H. Revell Co.
Date of publication, distribution, etc c1954
300 ## - PHYSICAL DESCRIPTION
Extent 186 p. ;
Dimensions 21 cm.
650 ## - SUBJECT ADDED ENTRY--TOPICAL TERM
Topical term or geographic name as entry element Christian Life
942 ## - ADDED ENTRY ELEMENTS (KOHA)
Source of classification or shelving scheme
Koha item type Books
Copies
Permanent Location Total Checkouts Date last seen Copy number Damaged status Source of classification or shelving scheme Koha item type Shelving location Lost status Full call number Current Location Barcode Date checked out Withdrawn status Price effective from Date acquired Not for loan
RHEMA Bible Training College12012-02-251  BooksGeneral Stacks BV 4501 .L4RHEMA Bible Training College104752012-02-03 2010-04-142010-04-14